01491nam a2200349 a 4500001001200000003000800012006001900020007001500039008004100054010001700095020002900112020001800141040002100159035002100180050002400201082001700225100002900242245012400271260006000395300001900455490004600474504005600520505010800576533015200684650003700836650003200873655002900905710001700934830004700951856012600998999001701124ebr10314050CaPaEBRm u cr cn|||||||||081024s2009 nyua sb 000 0 eng d z 2008046615 z9781847060587 (hardback) z9781441134325 aCaPaEBRcCaPaEBR a(OCoLC)64681156114aLC1091b.M43 2009eb04a370.11/42221 aMcCowan, Tristan,d1974-10aRethinking citizenship educationh[electronic resource] :ba curriculum for participatory democracy /cTristan McCowan. aNew York :bContinuum International Pub. Group,cc2009. a218 p. :bill.1 aContinuum studies in educational research aIncludes bibliographical references (p. [202]-218).0 apt. 1. Current tensions in citizenship education -- pt. 2. Understanding processes -- pt. 3. Responses. aElectronic reproduction.bPalo Alto, Calif. :cebrary,d2013.nAvailable via World Wide Web.nAccess may be limited to ebrary affiliated libraries. 0aCitizenshipxStudy and teaching. 0aCivicsxStudy and teaching. 7aElectronic books.2local2 aebrary, Inc. 0aContinuum studies in educational research.40uhttp://site.ebrary.com/lib/rucke/Doc?id=10314050zAn electronic book accessible through the World Wide Web; click to view c57800d57800